Marketing research : (Record no. 92756)

MARC details
000 -LEADER
fixed length control field 00626nam a22002057a 4500
005 - DATE AND TIME OF LATEST TRANSACTION
control field 20150415124530.0
010 ## - LCCN (DPL NO)
LC control number ENG-112475
020 ## - INTERNATIONAL STANDARD BOOK NUMBER
International Standard Book Number 9789339219116
Terms of availability 525.00
020 ## - INTERNATIONAL STANDARD BOOK NUMBER
International Standard Book Number 9339219112
Terms of availability 525.00
035 ## - SYSTEM CONTROL NUMBER
System control number EN-96007
037 ## - SOURCE OF ACQUISITION
Source of stock number/acquisition DBAD/PUB
082 ## - DEWEY DECIMAL CLASSIFICATION NUMBER
Classification number 658.83
100 ## - MAIN ENTRY--PERSONAL NAME
Personal name Venugopal, Pingali
245 ## - TITLE STATEMENT
Title Marketing research :
Statement of responsibility, etc by Pingali Venugopal
Remainder of title a user's perspective /
260 ## - PUBLICATION, DISTRIBUTION, ETC. (IMPRINT)
Place of publication, distribution, etc Noida
Name of publisher, distributor, etc McGraw Hill Education
Date of publication, distribution, etc 2015
270 ## - ADDRESS
Address B-4, Sector-63, Gautam Budh Nagar,
City Noida
Postal code 201301
300 ## - PHYSICAL DESCRIPTION
Extent xvii,261p.
Dimensions 24cm(pbk)
500 ## - GENERAL NOTE
General note Includes index
942 ## - ADDED ENTRY ELEMENTS (KOHA)
Source of classification or shelving scheme Dewey Decimal Classification
Item type English Books
Call number suffix VEN
Classification part 658.83
Holdings
Withdrawn status Lost status Not for loan Collection code Home library Current library Date acquired Source of acquisition Cost, normal purchase price Full call number Barcode Copy number Cost, replacement price Koha item type
    Not For Loan Non-fiction D.B.Act.Division D.B.Act.Division 07/04/2015 DBAD/PUB 525.00 658.83 VEN EN-96007 1 525.00 English Books

© Delhi Public Library
Hit Counter
free hit counter